[Event "Regionalliga Nord-West 1819"]
[Site "Bayern"]
[Date "2018.10.21"]
[Round "1.8"]
[White "Bosse, Lea"]
[Black "Weinberg, Wladimir"]
[Result "1/2-1/2"]
[WhiteElo "1702"]
[BlackElo "1768"]
[PlyCount "68"]
[EventDate "2018.10.21"]
[EventType "team-tourn"]
[EventRounds "9"]
[EventCountry "GER"]
[SourceTitle "EXT 2022"]
[Source "ChessBase"]
[SourceDate "2021.10.06"]
[SourceVersion "1"]
[SourceVersionDate "2021.10.06"]
[SourceQuality "1"]
[WhiteTeam "Stetten"]
[BlackTeam "Bamberg SC II"]
[WhiteTeamCountry "GER"]
[BlackTeamCountry "GER"]

1. e4 d6 2. d4 Nf6 3. Bd3 g6 4. c3 e5 5. Nf3 Nbd7 6. Nbd2 Bg7 7. Nb3 0-0 8. dxe5 dxe5 9. Bg5 h6 10. Bh4 b6 11. Bb5 Bb7 12. Bxd7 Qxd7 13. Qxd7 Nxd7 14. Nfd2 f5 15. exf5 gxf5 16. f3 a5 17. a4 Nf6 18. 0-0 Nd5 19. Rfe1 Nf4 20. Re3 Ba6 21. Nc1 Ng6 22. Bf2 Rad8 23. Nf1 h5 24. b4 Bh6 25. Re1 Rd5 26. b5 Bb7 27. Ne3 Rd7 28. Ne2 Bg7 29. Rad1 Bc8 30. Rxd7 Bxd7 31. Nd5 Rc8 32. Rd1 Be6 33. Ng3 h4 34. Nh5 Kf7 1/2-1/2

[Event "GER-chT U20 Girls"]
[Site "Borken"]
[Date "2016.12.30"]
[Round "7.2"]
[White "Bosse, Lea"]
[Black "Flach, Helene"]
[Result "1/2-1/2"]
[WhiteElo "1704"]
[BlackElo "1749"]
[PlyCount "44"]
[EventDate "2016.12.27"]
[EventType "team-swiss"]
[EventRounds "7"]
[EventCountry "GER"]
[SourceTitle "EXT 2018"]
[Source "ChessBase"]
[SourceDate "2017.10.13"]
[SourceVersion "1"]
[SourceVersionDate "2017.10.13"]
[SourceQuality "1"]
[WhiteTeam "Forstenried"]
[BlackTeam "Langen"]
[WhiteTeamCountry "GER"]
[BlackTeamCountry "GER"]

1. e4 c5 2. Nc3 e6 3. f4 a6 4. Nf3 b5 5. d3 Bb7 6. g3 d5 7. exd5 exd5 8. Bg2 Nf6 9. 0-0 Be7 10. Re1 0-0 11. Ne5 Nc6 12. Nxc6 Bxc6 13. d4 b4 14. Ne2 c4 15. h3 Re8 16. g4 Bd6 17. Ng3 Ne4 18. Nxe4 dxe4 19. d5 Bc5+ 20. Be3 Bxe3+ 21. Rxe3 Bxd5 22. Qd4 Qa5 1/2-1/2

[Event "GER-chT U20 Girls"]
[Site "Borken"]
[Date "2016.12.28"]
[Round "4.2"]
[White "Bosse, Lea"]
[Black "Peglau, Sarah"]
[Result "1-0"]
[WhiteElo "1704"]
[BlackElo "1411"]
[PlyCount "43"]
[EventDate "2016.12.27"]
[EventType "team-swiss"]
[EventRounds "7"]
[EventCountry "GER"]
[SourceTitle "EXT 2018"]
[Source "ChessBase"]
[SourceDate "2017.10.13"]
[SourceVersion "1"]
[SourceVersionDate "2017.10.13"]
[SourceQuality "1"]
[WhiteTeam "Forstenried"]
[BlackTeam "Bannewitz"]
[WhiteTeamCountry "GER"]
[BlackTeamCountry "GER"]

1. e4 c5 2. Nc3 d6 3. f4 Nc6 4. Bb5 Bd7 5. Nf3 e6 6. 0-0 Nge7 7. d3 g6 8. h3 Bg7 9. Qe1 a6 10. Bxc6 Bxc6 11. Nh4 b5 12. f5 Nc8 13. fxe6 fxe6 14. Nf3 0-0 15. Bg5 Qb6 16. Qc1 Rf7 17. Bh6 Bh8 18. Ng5 Rf6 19. Rxf6 Bxf6 20. Qf4 Qa7 21. Qxf6 Nb6 22. Rf1 1-0

[Event "GER-ch U25 op-A"]
[Site "Willingen"]
[Date "2015.05.29"]
[Round "8"]
[White "Neumann, Tiemon"]
[Black "Bosse, Lea"]
[Result "1/2-1/2"]
[WhiteElo "1662"]
[BlackElo "1690"]
[PlyCount "89"]
[EventDate "2015.05.24"]
[EventType "swiss"]
[EventRounds "9"]
[EventCountry "GER"]
[SourceTitle "CBM 166 Extra"]
[Source "ChessBase"]
[SourceDate "2015.06.18"]
[SourceVersion "1"]
[SourceVersionDate "2015.06.18"]
[SourceQuality "1"]

1. e4 e6 2. Nf3 d5 3. Nc3 Nf6 4. e5 Nfd7 5. d4 c5 6. dxc5 Nc6 7. Bf4 Nxc5 8. Bd3 Nxd3+ 9. Qxd3 a6 10. 0-0 Be7 11. Rfe1 0-0 12. Ne2 Bd7 13. a3 f6 14. c4 fxe5 15. Nxe5 Nxe5 16. Bxe5 Qb6 17. Qg3 Bf6 18. Bxf6 Rxf6 19. cxd5 exd5 20. b4 Raf8 21. Qe3 Qxe3 22. fxe3 Rc8 23. Nd4 Rc3 24. a4 Rc4 25. b5 axb5 26. axb5 Rb4 27. Ra7 Rb6 28. Ra8+ Kf7 29. Rd8 Ke7 30. Rg8 Rg6 31. Rb8 Rb2 32. Re2 Rxe2 33. Nxe2 Rb6 34. Rg8 Kf7 35. Rd8 Bxb5 36. Nf4 Bc6 37. Nxd5 Rb1+ 38. Kf2 Rd1 39. e4 Rd2+ 40. Kf3 b5 41. h3 Bxd5 42. exd5 Kf6 43. d6 Ke6 44. Re8+ Kf6 45. Rb8 1/2-1/2

[Event "GER-ch U16 Girls"]
[Site "Oberhof"]
[Date "2013.05.21"]
[Round "5"]
[White "Bosse, Lea"]
[Black "Schwarz, Larissa"]
[Result "0-1"]
[WhiteElo "1604"]
[BlackElo "1943"]
[PlyCount "94"]
[EventDate "2013.05.19"]
[EventType "swiss"]
[EventRounds "9"]
[EventCountry "GER"]
[SourceTitle "CBM 154 Extra"]
[Source "ChessBase"]
[SourceDate "2013.06.25"]
[SourceVersion "2"]
[SourceVersionDate "2013.06.25"]
[SourceQuality "1"]

1. e4 c5 2. Nf3 e6 3. d4 cxd4 4. Nxd4 a6 5. Be3 Qc7 6. Nc3 Bb4 7. Qd2 Nf6 8. f3 d5 9. Bd3 e5 10. Nb3 d4 11. Nxd4 exd4 12. Bxd4 Nbd7 13. 0-0-0 0-0 14. f4 Bc5 15. Bxc5 Nxc5 16. e5 Nxd3+ 17. Qxd3 Ng4 18. Qf3 Qc5 19. Rd2 Qe3 20. Qxe3 Nxe3 21. Re1 Nc4 22. Rd4 Na5 23. Red1 Nc6 24. Rd6 Bg4 25. R1d2 Rad8 26. Ne4 Rxd6 27. Nxd6 b6 28. h3 Bc8 29. g4 Rd8 30. a3 f6 31. exf6 gxf6 32. f5 Kf8 33. Nxc8 Rxc8 34. Rd7 Ne7 35. Rd6 Rc6 36. Rxc6 Nxc6 37. Kd2 h5 38. b3 hxg4 39. hxg4 Ne5 40. Ke3 Nxg4+ 41. Ke4 Ke7 42. a4 Kd6 43. b4 Ne5 44. c3 Nc4 45. Kd4 b5 46. a5 Kc6 47. Ke4 Nd6+ 0-1

[Event "GER-chT U20 Girls"]
[Site "Osnabrueck"]
[Date "2012.12.27"]
[Round "1.3"]
[White "Bosse, Lea"]
[Black "Spangenberg, Pia"]
[Result "1/2-1/2"]
[WhiteElo "1622"]
[BlackElo "1543"]
[PlyCount "135"]
[EventDate "2012.12.27"]
[EventType "team-swiss"]
[EventRounds "7"]
[EventCountry "GER"]
[SourceTitle "EXT 2014"]
[Source "ChessBase"]
[SourceDate "2013.11.20"]
[SourceVersion "1"]
[SourceVersionDate "2013.11.20"]
[SourceQuality "1"]
[WhiteTeam "Stetten"]
[BlackTeam "Leipzig Lindenau"]
[WhiteTeamCountry "GER"]
[BlackTeamCountry "GER"]

1. e4 d5 2. exd5 Nf6 3. d4 Nxd5 4. c4 Nb6 5. Nc3 Bf5 6. Nf3 e6 7. Qb3 Qc8 8. Bf4 a6 9. Rd1 Nc6 10. c5 Nd7 11. Na4 Be7 12. Bd3 Bxd3 13. Rxd3 0-0 14. 0-0 Nf6 15. Nc3 Rd8 16. Rfd1 Nd5 17. Nxd5 Rxd5 18. Ne1 Na5 19. Qc3 b6 20. cxb6 cxb6 21. Rc1 Qd7 22. Qc7 Bd8 23. Qxd7 Rxd7 24. b4 Nb7 25. Rc6 Kf8 26. Nc2 a5 27. bxa5 bxa5 28. Rb3 Ke7 29. Rbc3 Nd6 30. Bxd6+ Rxd6 31. Kf1 Rb8 32. Rxd6 Kxd6 33. Rb3 Rc8 34. Rb2 Bf6 35. Ke2 e5 36. dxe5+ Bxe5 37. Rb6+ Kc7 38. Rb5 Re8 39. Kf3 Bxh2 40. Rxa5 Be5 41. Ra7+ Kd6 42. Rxf7 Ra8 43. a3 Ke6 44. Rb7 Rc8 45. Rb6+ Kf7 46. Ne3 Rc3 47. Ke4 Bf6 48. a4 Ra3 49. Ra6 Ra2 50. Ng4 h5 51. Nxf6 gxf6 52. Kf3 Ra3+ 53. Kf4 Ra2 54. Kg3 h4+ 55. Kxh4 Rxf2 56. Kg3 Ra2 57. a5 Ra4 58. Ra8 Kg6 59. a6 Kh7 60. a7 Kg7 61. Kf3 Kh7 62. Ke3 Kg7 63. Kd3 Kh7 64. Kc3 Kg7 65. Kb3 Ra1 66. Kb4 Rb1+ 67. Kc5 Ra1 68. Kb6 1/2-1/2

[Event "GER-chT U20 Girls"]
[Site "Osnabrueck"]
[Date "2012.12.27"]
[Round "2.3"]
[White "Finke, Lara"]
[Black "Bosse, Lea"]
[Result "1/2-1/2"]
[WhiteElo "1501"]
[BlackElo "1622"]
[PlyCount "67"]
[EventDate "2012.12.27"]
[EventType "team-swiss"]
[EventRounds "7"]
[EventCountry "GER"]
[SourceTitle "EXT 2014"]
[Source "ChessBase"]
[SourceDate "2013.11.20"]
[SourceVersion "1"]
[SourceVersionDate "2013.11.20"]
[SourceQuality "1"]
[WhiteTeam "Dortmund 1875"]
[BlackTeam "Stetten"]
[WhiteTeamCountry "GER"]
[BlackTeamCountry "GER"]

1. e4 e6 2. d4 d5 3. exd5 exd5 4. Nf3 Bd6 5. Bd3 Ne7 6. 0-0 Nbc6 7. c3 Bg4 8. Nbd2 Qd7 9. Qb3 0-0-0 10. a4 Rde8 11. a5 Ng6 12. Qc2 Nf4 13. Nh4 Nxd3 14. Qxd3 Be2 15. Qb1 Bxf1 16. Nxf1 Re4 17. Nf3 Qg4 18. Ne3 Qh5 19. b4 Bf4 20. b5 Ne7 21. b6 cxb6 22. axb6 a6 23. Ra5 Re6 24. c4 Bxe3 25. Bxe3 Qg6 26. Qb3 Rxb6 27. Qc3 dxc4 28. Qxc4+ Rc6 29. Qb4 Qd6 30. Qd2 f6 31. Bf4 Qd7 32. d5 Rb6 33. Rc5+ Nc6 34. dxc6 1/2-1/2

[Event "Landesliga Sued 1213 U20"]
[Site "Bayern"]
[Date "2012.12.01"]
[Round "3.2"]
[White "Berger, Florian"]
[Black "Bosse, Lea"]
[Result "0-1"]
[WhiteElo "1604"]
[BlackElo "1691"]
[PlyCount "92"]
[EventDate "2012.10.20"]
[EventType "team-tourn"]
[EventRounds "7"]
[EventCountry "GER"]
[SourceTitle "EXT 2020"]
[Source "ChessBase"]
[SourceDate "2019.10.17"]
[SourceVersion "1"]
[SourceVersionDate "2019.10.17"]
[SourceQuality "1"]
[WhiteTeam "Ortenburg U20"]
[BlackTeam "Freising SK U20"]
[WhiteTeamCountry "GER"]
[BlackTeamCountry "GER"]

1. d4 Nf6 2. Bf4 e6 3. e3 b6 4. Nf3 Bb7 5. h3 c5 6. c4 Ne4 7. Nc3 Nxc3 8. bxc3 d6 9. Bd3 Nd7 10. 0-0 Be7 11. Re1 0-0 12. e4 Qc7 13. e5 cxd4 14. cxd4 dxe5 15. Nxe5 Nxe5 16. Bxe5 Bd6 17. Bxd6 Qxd6 18. Re2 Rfd8 19. Rd2 Qf4 20. Rc1 g6 21. Be2 Rac8 22. g3 Qe4 23. f3 Qe3+ 24. Kg2 Qa3 25. Rcc2 Rc7 26. Rd3 Qa4 27. c5 bxc5 28. Rxc5 Qxd1 29. Rxd1 Rcd7 30. Rc2 Rxd4 31. Rb1 Rd2 32. Rxd2 Rxd2 33. Kf1 Bd5 34. a4 Rd4 35. Ra1 Bb3 36. a5 Ra4 37. Rxa4 Bxa4 38. Kf2 Kf8 39. Ke3 Ke7 40. Kd4 Kd6 41. Kc4 e5 42. Kb4 Bd7 43. Bc4 f6 44. h4 g5 45. hxg5 fxg5 46. Bd3 h5 0-1

[Event "Seebach op 23rd"]
[Site "Grossenseebach"]
[Date "2012.06.07"]
[Round "1"]
[White "Semenova, Alisa"]
[Black "Bosse, Lea"]
[Result "0-1"]
[WhiteElo "1361"]
[BlackElo "1622"]
[PlyCount "50"]
[EventDate "2012.06.07"]
[EventType "swiss"]
[EventRounds "7"]
[EventCountry "GER"]
[SourceTitle "EXT 2013"]
[Source "ChessBase"]
[SourceDate "2012.11.22"]
[SourceVersion "1"]
[SourceVersionDate "2012.11.22"]
[SourceQuality "1"]

1. e4 e6 2. d4 d5 3. e5 c5 4. Nf3 Nc6 5. Be3 Qb6 6. b3 Nh6 7. Nc3 cxd4 8. Nxd4 Qb4 9. Ndb5 Qa5 10. Bd2 Qd8 11. Qh5 Nf5 12. Bg5 Be7 13. Bxe7 Qxe7 14. 0-0-0 a6 15. Nd6+ Nxd6 16. exd6 Qxd6 17. Kb1 Qa3 18. Qg4 0-0 19. Qa4 Qc5 20. Rd3 Nb4 21. Rg3 d4 22. a3 Nxc2 23. Kxc2 dxc3 24. f4 Rd8 25. Bd3 Qf2+ 0-1

[Event "GER-chT U14 Girls"]
[Site "Arendsee"]
[Date "2011.12.29"]
[Round "5.2"]
[White "Romanova, Alena"]
[Black "Bosse, Lea"]
[Result "1-0"]
[WhiteElo "1509"]
[BlackElo "1631"]
[PlyCount "59"]
[EventDate "2011.12.27"]
[EventType "team-swiss"]
[EventRounds "7"]
[EventCountry "GER"]
[SourceTitle "EXT 2022"]
[Source "ChessBase"]
[SourceDate "2021.10.06"]
[SourceVersion "1"]
[SourceVersionDate "2021.10.06"]
[SourceQuality "1"]
[WhiteTeam "Karlsruhe SF U14 Girls"]
[BlackTeam "Stetten U14 Girls"]
[WhiteTeamCountry "GER"]
[BlackTeamCountry "GER"]

1. e4 e6 2. d4 d5 3. Nc3 Bb4 4. e5 c5 5. f4 Nc6 6. Nf3 Nge7 7. a3 Bxc3+ 8. bxc3 cxd4 9. cxd4 Qb6 10. c3 0-0 11. g4 f6 12. exf6 Rxf6 13. Bd3 Bd7 14. Qc2 g6 15. h4 Rf7 16. h5 Rg7 17. Qh2 Be8 18. hxg6 Bxg6 19. Bxg6 Nxg6 20. f5 exf5 21. gxf5 Re8+ 22. Kf2 Qa6 23. Be3 Nf8 24. Rag1 Qd3 25. Rxg7+ Kxg7 26. Qh6+ Kf7 27. Qh5+ Ke7 28. Bg5+ Kd7 29. Qf7+ Ne7 30. Ne5+ 1-0

[Event "Landesliga U20 Sued 1112"]
[Site "Bayern"]
[Date "2011.12.03"]
[Round "2.3"]
[White "Berger, Florian"]
[Black "Bosse, Lea"]
[Result "1-0"]
[WhiteElo "1588"]
[BlackElo "1601"]
[PlyCount "47"]
[EventDate "2011.11.12"]
[EventType "team-tourn"]
[EventRounds "7"]
[EventCountry "GER"]
[SourceTitle "EXT 2022"]
[Source "ChessBase"]
[SourceDate "2021.10.06"]
[SourceVersion "1"]
[SourceVersionDate "2021.10.06"]
[SourceQuality "1"]
[WhiteTeam "Ortenburg U20"]
[BlackTeam "Freising SK U20"]
[WhiteTeamCountry "GER"]
[BlackTeamCountry "GER"]

1. d4 Nf6 2. c4 e6 3. Bf4 b6 4. h3 Bb7 5. Nc3 Bb4 6. a3 Bxc3+ 7. bxc3 Nc6 8. Nf3 Ne4 9. Qc2 Na5 10. e3 c5 11. Bd3 f5 12. 0-0 Rc8 13. Rac1 Qe7 14. Rfd1 cxd4 15. cxd4 Qxa3 16. Ra1 Qe7 17. Qb2 Nxc4 18. Bxc4 Rxc4 19. Rxa7 Rb4 20. Qc2 Bc6 21. Ne5 Bd5 22. Rxd7 Qxd7 23. Nxd7 Kxd7 24. Qc7+ 1-0

[Event "GER-ch U14 Girls"]
[Site "Oberhof"]
[Date "2011.06.13"]
[Round "3"]
[White "Boehm, Jana"]
[Black "Bosse, Lea"]
[Result "1-0"]
[WhiteElo "1743"]
[BlackElo "1541"]
[PlyCount "55"]
[EventDate "2011.06.11"]
[EventType "swiss"]
[EventRounds "9"]
[EventCountry "GER"]
[SourceTitle "CBM 142 Extra"]
[Source "ChessBase"]
[SourceDate "2011.06.27"]
[SourceVersion "1"]
[SourceVersionDate "2011.06.27"]
[SourceQuality "1"]

1. e4 e6 2. d4 d5 3. Nc3 Nf6 4. e5 Nfd7 5. f4 c5 6. Nf3 Nc6 7. Be3 Be7 8. Bd3 f6 9. dxc5 fxe5 10. Nxe5 Ncxe5 11. fxe5 g6 12. 0-0 Qc7 13. Nb5 Qc6 14. b4 b6 15. Nd4 Qb7 16. c6 Qb8 17. cxd7+ Bxd7 18. c3 Qxe5 19. Qd2 Rc8 20. Bf4 Qg7 21. Bh6 Qg8 22. Rae1 Bd6 23. Nb5 Bxb5 24. Bxb5+ Kd8 25. Bg5+ Kc7 26. Bf6 Qf8 27. Bxh8 Qxh8 28. Rxe6 1-0

[Event "Bayernliga U20 1011"]
[Site "Bayern"]
[Date "2010.10.16"]
[Round "1.4"]
[White "Bosse, Lea"]
[Black "Schoepe, Tobias"]
[Result "0-1"]
[WhiteElo "1525"]
[BlackElo "1824"]
[PlyCount "32"]
[EventDate "2010.10.16"]
[EventType "team-tourn"]
[EventRounds "7"]
[EventCountry "GER"]
[SourceTitle "EXT 2022"]
[Source "ChessBase"]
[SourceDate "2021.10.06"]
[SourceVersion "1"]
[SourceVersionDate "2021.10.06"]
[SourceQuality "1"]
[WhiteTeam "Freising SK U20"]
[BlackTeam "Ergolding FC U20"]
[WhiteTeamCountry "GER"]
[BlackTeamCountry "GER"]

1. e4 e6 2. d4 d5 3. Nc3 Nf6 4. e5 Nfd7 5. f4 a6 6. Nf3 c5 7. Be3 Nc6 8. Be2 Be7 9. 0-0 0-0 10. a4 Qb6 11. b3 cxd4 12. Bxd4 Nxd4 13. Kh1 Nxe2 14. Qxe2 Qc7 15. Nd1 b6 16. Ne3 Nc5 0-1